000 00481nam a22001457a 4500
020 _a0-590-42731-8
082 _a823
_bMIL/Y
100 _aMILLER, MARVIN
245 _aYOU BE THE DETECTIVE
260 _aNEW YORK
_bSCHOLASTIC INC
_c1991
300 _a78
520 _aWANTED - SEVEN BAFFLING CRIMES HAVE BEEN COMMITTED, AND YOU ARE THE DETECTIVE. YOU VISIT THE SCENE OF THE CRIME. YOU QUESTION THE SUSPECTS. yOU PIECE TOGETHER THE CLUES.
650 _aDETECTIVE NOVEL
942 _cBK
999 _c6205
_d6205